000 00993nam a2200265Ia 4500
003 OSt
005 20221005113532.0
006 a|||||r|||| 00| 0
007 ta
008 221004b |||||||| |||| 00| 0 pan d
020 _a9789387629257 (hbk)
_cINR 175.00
024 _a44908
037 _b1044, 02/02/2019, H.K. Prakashan
_cTextual
040 _aCRL
_cCRL
_bpan
041 _2pan
_apan
082 _aO153,3NPA7,JR, Q8
100 _aਪਰਹਾਰ, ਵਰਿੰਦਰ ਸਿੰਘ, ਂਚ.
_9156325
245 0 _aਜੇ ਰੱਬ ਜਿਉਦਾ ਹੁੰਦਾ
260 _aਲੁਧਿਆਨਾ
_bਚੇਤਨਾ ਪ੍ਰਕਾFਨ ਭਾਰਤ
_c2018
300 _a134ਪ੍ਰ0
_ccm.
650 _a ਪੰਜਾਬੀ ਕਹਾਣੀ
650 _aਪੰਜਾਬੀ ਸਾਹਿਤ
942 _hO153,3NPA7,JR, Q8
_cTEXL
_2cc
999 _c1028508
_d1028508